000 00390pab a2200157 454500
008 180718b1999 xxu||||| |||| 00| 0 eng d
100 _aChengappa, Bidanda M.
245 _aTaming the Pakistani press: democracy under threat
260 _c1999
300 _ap.627-38
362 _aJul
650 _aPress - Pakistan
650 _aPress
773 _aStrategic Analysis
909 _a41530
999 _c41530
_d41530